| 000 | 00698nam a2200217 b 4500 | ||
|---|---|---|---|
| 001 | bimo0002112205 | ||
| 003 | OSt | ||
| 005 | 20140828143534.0 | ||
| 008 | 060619s2006 esp spa | ||
| 020 | _a978-84-7903-932-5 | ||
| 040 |
_aSpMaBN _bspa _cBMC _erdc |
||
| 082 | _a612.61607 | ||
| 100 | 1 |
_aPorth, Carol Mattson _924507 |
|
| 245 | 1 | 0 |
_aFisiopatología _b: salud-enfermedad: un enfoque conceptual _cCarol Mattson Porth ; [traducción, Silvia Cwi ... et al.] |
| 250 | _a7ª ed | ||
| 260 |
_aBuenos Aires [etc.] _bEditorial Médica Panamericana _c2007 |
||
| 300 |
_aXXXIV, 1582 p. _bil. col. _c28 cm |
||
| 650 | 2 | 4 |
_aFisiopatología _98043 |
| 700 | 1 |
_98068 _aCwi, Silvia |
|
| 942 |
_2ddc _cBK |
||
| 999 |
_c13272 _d13272 |
||